Jehovah's Witnesses Quiz - Statistics

General Stats
  • This quiz has been taken 59 times
  • The average score is 5 of 10
Answer Stats
Hint Answer % Correct
In what century was the religion founded? 1800s
85%
What type of medical operation are they known for refusing? Blood transfusion
75%
What is the official website of the Jehovah's Witnesses? jw.org
70%
How many people will go to Heaven, according to Jehovah's Witnesses? 144,000
62%
What are members known for not celebrating? Birthdays
60%
What country were they banned from in 2017? Russia
58%
Who was the founder of the Jehovah's Witnesses? Charles Taze Russel
30%
What is the name of Jehovah's Witnesses place of worship Kingdom Halls
25%
What city was the Jehovah's Witness religion founded? Pittsburgh
9%
What is the name of the Jehovah's Witnesses legal entity? Watch Tower Society
4%
No matching quizzes found
Score Distribution
Percent of People with Each Score
Percentile by Number Answered
Your Score History
You have not taken this quiz